00716nam a2200157 a 450000100100000000500170001000800410002704000250006808200150009324500970010826000490020530000100025450400270026471001370029171001300042800003171020200930063124.0110630s1991 dr 000 0 spa d aDO-SdBNPbspacBNPHU axxxxbP96900aCurso-Taller sobre juegos y canciones infantiles para 1er. y 2do. grados del nivel primario. aSanto Domingo :bSEEBAC :bUNICEF,c[1991?]. a60 p. aBibliografía : P. 602 aSecretaría de Estado de Educación Bellas Artes y Cultos, Proyecto de Reforzamiento de los dos Primeros Grados del Nivel Primario2 aFondo de la Naciones Unidas para la Infancia (UNICEF), Programa de Supervivencia y Desarrollo del Niño y la Mujer 1988-1991